000 00677nam a2200229 a 4500
001 BRL_1637
005 20190320211312.0
008 150414s1991----mx-a######---#000-0#spa-#
020 _a9683802427
041 _aspa
044 _amx
050 4 _aPQ7298.36Z8
_b.V53 1991
100 1 _aZúñiga, Aurelio
_927508
245 1 0 _aViaje de un mexicano de hoy por el siglo XIX
_cAurelio Zúñiga (Jorge Mejía Prieto); dibujos José Narro.
260 _aMéxico
_bPanorama
_c1991
300 _a155 p.
_bil. (blanco y negro)
_c22 cm.
500 _aAu1863
650 1 4 _anovela mexicana
_ySiglo XIX
_927509
700 1 _aNarro, José
_eil.
_927510
902 _aGRL
942 _2lcc
_cB
999 _c10446
_d10446